| 000 | 02373nam0a2200409 4500 | ||
|---|---|---|---|
| 001 | RU\NLR\BIBL_A\022749462 | ||
| 005 | 20260614173245.0 | ||
| 010 |
_a978-5-9535-0646-5 _9300 |
||
| 021 |
_aRU _bКН-П-26-001056 _9КН-П-26-0106 |
||
| 035 | _a(NLR Aleph) 022749462 | ||
| 090 |
_a13728945 _c13728945 |
||
| 100 | _a20260310d2025 k y0rusy50 ca | ||
| 101 | 0 |
_arus _deng |
|
| 102 | _aRU | ||
| 105 | _ay z 000zy | ||
| 181 | 0 |
_ai _baxxe |
|
| 182 | 0 | _an | |
| 200 | 1 |
_aБольшой Индийский океан: проблемы безопасности _fк. и. н. Е. М. Астафьева, Е. С. Беседин, к. и. н. О. Е. Евсеенко [и др.] _gпод редакцией П. В. Топычканова _gНациональный исследовательский институт мировой экономики и международных отношений имени Е. М. Примакова Российской академии наук |
|
| 203 |
_aТекст _bвизуальный _cнепосредственный |
||
| 210 |
_aМосква _cИМЭМО РАН _d2025 |
||
| 215 |
_a220 с. _d29 |
||
| 225 | 1 | _aБиблиотека Национального исследовательского института мировой экономики и международных отношений имени Е. М. Примакова | |
| 300 | _aРез. англ. | ||
| 320 | _aБиблиогр. в конце глав и в подстроч. примеч. | ||
| 606 | 1 |
_aМеждународная безопасность _yАзиатские страны _2nlr_sh2 _3RU\NLR\AUTH\661605710 |
|
| 686 | 1 | _aТ3(5)63-6 | |
| 686 | 1 | _aФ5(5)1 | |
| 701 | 1 |
_aАстафьева _bЕ. М. _gЕкатерина Михайловна |
|
| 701 | 1 |
_aБеседин _bЕ. С. _gЕгор Сергеевич |
|
| 701 | 1 |
_aЕвсеенко _bО. Е. _gОльга Евгеньевна |
|
| 702 | 1 |
_aТопычканов _bП. В. _gПетр Владимирович _4340 |
|
| 712 | 0 | 2 |
_aНациональный исследовательский институт мировой экономики и международных отношений им. Е. М. Примакова _cМосква _3RU\NLR\AUTH\880431492 _4475 |
| 942 | _cBOOK | ||
| 980 | _aNB | ||